Cesta hodná následování. K evoluci pojmu "sociální tržní hospodářství".

Sociálno trhové hospodárstvo ako poriadok, ktorý spája ekonomickú slobodu so sociálnou istotou a spravodlivosťou. Takéto chápanie tohto pojmu je výsledkom postupného vývoja programových a praktických opatrení vládnucích zoskupení v SRN. Prehľad realizácie princípov sociálno trhového hospodárstva v N...

ver descrição completa

Na minha lista:
Detalhes bibliográficos
Autor principal: Dvořák, J.
Formato: Capítulo de Livro
Idioma:tcheco
Assuntos:
Tags: Adicionar Tag
Sem tags, seja o primeiro a adicionar uma tag!

MARC

LEADER 00000naa a2200000 4500
001 r008462
005 20220831083526.0
041 0 |a cze 
044 |a [CS] 
245 1 0 |a Cesta hodná následování.  |b K evoluci pojmu "sociální tržní hospodářství".  |c J. Dvořák 
520 |a Sociálno trhové hospodárstvo ako poriadok, ktorý spája ekonomickú slobodu so sociálnou istotou a spravodlivosťou. Takéto chápanie tohto pojmu je výsledkom postupného vývoja programových a praktických opatrení vládnucích zoskupení v SRN. Prehľad realizácie princípov sociálno trhového hospodárstva v Nemecku. Charakteristika regionálnej politiky, ktorá má významné miesto v tomto ekonomickom systéme. 
610 2 0 |a hospodárstvo trhové 
610 2 0 |a politika sociálna 
610 2 0 |a Nemecko 
610 2 0 |a politika regionálna 
100 1 |a Dvořák, J.